All fruits - Statistics

General Stats
  • This quiz has been taken 47 times
    33 since last reset
  • The average score is 27 of 50
Answer Stats
the fruit % Correct
Apple
100%
Banana
96%
Blueberry
93%
Strawberry
89%
Blackberry
86%
Orange
86%
Pear
86%
Grape
79%
Raspberry
79%
Avocado
75%
Kiwi
75%
Mango
75%
Pineapple
75%
Watermelon
75%
Tomato
71%
Peach
68%
Cherry
64%
Papaya
64%
Plum
64%
Lemon
61%
Lime
61%
Dragon Fruit
57%
Grapefruit
57%
Apricot
54%
Cantaloupe
54%
Coconut
50%
Star Fruit
50%
Honeydew
46%
Tangerine
46%
Lychee
43%
Mandarin
43%
Pomegranate
43%
Clementine
39%
Fig
39%
Cranberry
36%
Durian
36%
Guava
36%
Jackfruit
36%
Passion Fruit
36%
Kumquat
32%
Nectarine
32%
Persimmon
32%
Date
29%
Mangosteen
21%
Plantain
21%
Rambutan
21%
Elderberry
18%
Longan
14%
Tamarind
11%
Loquat
7%
No matching quizzes found
Score Distribution
Percent of People with Each Score
Percentile by Number Answered
Your Score History
You have not taken this quiz since the last reset